000 00883nas a2200265 4500
001 BR0801087
003 BR-BrBNA
005 20231205111633.0
007 ta
008 230509b bl.|||p| |||| 00| 00por d
040 _aBR-BrBNA
_bpor
_cBiblioteca Nacional de Agricultura
041 _a(Pt)
072 _aL50; L53
100 1 _aRocha, C.
100 1 _aFavaro, L.F.
100 1 _aSpach, H.L.
245 1 _aBiologia reprodutiva de Sphoeroides testudineus (Linnaeus)(Pisces, Osteichthyes, Tetraodontidae)da gamboa do Baguaçu, Baia de Paranaguá, Paraná, Brasil
650 _aPEIXE
650 _aDISTRIBUIÇÃO GEOGRÁFICA
650 _aBIOLOGIA ANIMAL
650 _aREPRODUÇÃO ANIMAL
773 0 _tRevista Brasileira de Zoologia (Brazil)
_xISSN 0101-8175
_g(Mar 2002), v. 19(1) p. 57-63
_wBR0801087
909 _a202311
_bLúcia
_c55
_dLúcia Elande
942 _2AGRIS
_n0
_cANA
999 _c193673
_d193673